000 00258nam a22000977a 4500
999 _c11782
_d11782
008 200217b ||||| |||| 00| 0 eng d
020 _a0689835604
100 _aKatz Karen
_97466
245 _aWhere is baby's belly button
260 _aNew York
_bLittle Simon
_c2000